[Event "Mittelfranken Landesliga Sued 2122"]
[Site "Mittelfranken"]
[Date "2021.10.24"]
[Round "1.4"]
[White "Reimann, Matthias"]
[Black "Schelle, Artur"]
[Result "1/2-1/2"]
[WhiteElo "2080"]
[BlackElo "2120"]
[PlyCount "58"]
[EventDate "2021.10.24"]
[EventType "team-tourn"]
[EventRounds "9"]
[EventCountry "GER"]
[SourceTitle "EXT 2024"]
[Source "ChessBase"]
[SourceDate "2023.10.10"]
[SourceVersion "1"]
[SourceVersionDate "2023.10.10"]
[SourceQuality "1"]
[WhiteTeam "Kriegshaber"]
[BlackTeam "Muenchen Tarrasch"]
[WhiteTeamCountry "GER"]
[BlackTeamCountry "GER"]

1. d4 f5 2. Nc3 Nf6 3. Bg5 d5 4. e3 e6 5. Nf3 Be7 6. Bd3 0-0 7. 0-0 Nbd7 8. Ne2 Ne4 9. Bxe7 Qxe7 10. c4 c6 11. Qc2 Kh8 12. h4 Ndf6 13. Ne5 Nd7 14. Nf3 g6 15. Nf4 Nd6 16. c5 Nf7 17. b4 e5 18. dxe5 Ndxe5 19. Qc3 Kg8 20. Nxe5 Nxe5 21. Be2 Re8 22. g3 Qg7 23. Kg2 Bd7 24. Rfb1 a6 25. a4 Qe7 26. Ra2 Ng4 27. Bf3 Ne5 28. Be2 Ng4 29. Bf3 Ne5 1/2-1/2

[Event "Bassano del Grappa op 10"]
[Site "Bassano del Grappa"]
[Date "2020.10.25"]
[Round "5"]
[White "Maione, Melissa"]
[Black "Schelle, Artur"]
[Result "1-0"]
[WhiteElo "1933"]
[BlackElo "2146"]
[PlyCount "52"]
[EventDate "2020.10.23"]
[EventType "swiss"]
[EventRounds "5"]
[EventCountry "ITA"]
[SourceTitle "EXT 2022"]
[Source "ChessBase"]
[SourceDate "2021.10.06"]
[SourceVersion "1"]
[SourceVersionDate "2021.10.06"]
[SourceQuality "1"]

1. e4 g6 2. d4 Bg7 3. Nc3 c6 4. Be3 d5 5. Qd2 dxe4 6. Nxe4 Nd7 7. 0-0-0 Ngf6 8. f3 0-0 9. Bh6 Bxh6 10. Qxh6 Qa5 11. Bc4 Qh5 12. Nxf6+ Nxf6 13. Qd2 Nd5 14. h4 Qf5 15. Kb1 Be6 16. Ne2 Rad8 17. Bd3 Qf6 18. h5 g5 19. h6 Kh8 20. f4 gxf4 21. Rdf1 Bg4 22. Nxf4 Qxd4 23. Rh4 Ne3 24. Re1 Qxf4 25. Rxe3 Qf1+ 26. Re1 Bc8 1-0

[Event "Bad Woerishofen op 36th"]
[Site "Bad Woerishofen"]
[Date "2020.03.14"]
[Round "9"]
[White "Schelle, Artur"]
[Black "Kraemer, Max"]
[Result "1-0"]
[WhiteElo "2165"]
[BlackElo "2065"]
[PlyCount "59"]
[EventDate "2020.03.06"]
[EventType "swiss"]
[EventRounds "9"]
[EventCountry "GER"]
[SourceTitle "CBM 195 Extra"]
[Source "ChessBase"]
[SourceDate "2020.05.31"]
[SourceVersion "1"]
[SourceVersionDate "2020.05.31"]
[SourceQuality "1"]

1. d4 d5 2. Bf4 c5 3. e3 Nf6 4. Nf3 Qb6 5. Nc3 Bg4 6. Nb5 Na6 7. c3 Nh5 8. dxc5 Qxc5 9. Be5 Nf6 10. Bd4 Bxf3 11. Qxf3 Qc6 12. Nxa7 Qe6 13. Nb5 Qg4 14. Be2 Qxf3 15. Bxf3 e6 16. Be5 Kd7 17. 0-0 Bc5 18. Rfd1 Rhd8 19. b4 Bf8 20. e4 Kc6 21. Nd4+ Kb6 22. a4 Rac8 23. a5+ Ka7 24. exd5 Nxd5 25. Nb5+ Ka8 26. Bxd5 exd5 27. g3 f6 28. Bd4 Bd6 29. Bb6 Rd7 30. Rxd5 1-0

[Event "Bad Woerishofen op 36th"]
[Site "Bad Woerishofen"]
[Date "2020.03.11"]
[Round "6"]
[White "Koch, Harald"]
[Black "Schelle, Artur"]
[Result "0-1"]
[WhiteElo "1957"]
[BlackElo "2165"]
[PlyCount "54"]
[EventDate "2020.03.06"]
[EventType "swiss"]
[EventRounds "9"]
[EventCountry "GER"]
[SourceTitle "CBM 195 Extra"]
[Source "ChessBase"]
[SourceDate "2020.05.31"]
[SourceVersion "1"]
[SourceVersionDate "2020.05.31"]
[SourceQuality "1"]

1. c4 f5 2. Nf3 Nf6 3. g3 g6 4. Bg2 Bg7 5. d3 d6 6. Nc3 0-0 7. Qb3 c6 8. 0-0 Na6 9. a3 Nc5 10. Qc2 e5 11. Bd2 Ne6 12. e3 Kh8 13. b4 g5 14. b5 f4 15. exf4 exf4 16. bxc6 bxc6 17. Nxg5 Nxg5 18. Bxc6 Bh3 19. Rfe1 Rc8 20. Bxf4 Ne6 21. Bb7 Rc7 22. Rab1 Nxf4 23. gxf4 Nh5 24. Nd5 Rcf7 25. Re3 Qh4 26. Nc3 Bd4 27. Bd5 Rg7+ 0-1

[Event "Landesliga Sued 1920"]
[Site "Bayern"]
[Date "2020.01.19"]
[Round "5.5"]
[White "Schelle, Artur"]
[Black "Taggatz, Mario"]
[Result "1/2-1/2"]
[WhiteElo "2121"]
[BlackElo "2145"]
[PlyCount "59"]
[EventDate "2019.09.29"]
[EventType "team-tourn"]
[EventRounds "9"]
[EventCountry "GER"]
[SourceTitle "EXT 2021"]
[Source "ChessBase"]
[SourceDate "2020.10.23"]
[SourceVersion "1"]
[SourceVersionDate "2020.10.23"]
[SourceQuality "1"]
[WhiteTeam "Muenchen Tarrasch"]
[BlackTeam "Groebenzell"]
[WhiteTeamCountry "GER"]
[BlackTeamCountry "GER"]

1. d4 d5 2. Bf4 c5 3. e3 cxd4 4. exd4 Nc6 5. c3 Bf5 6. Nd2 e6 7. Ngf3 Bd6 8. Bg3 Nf6 9. Qb3 Rb8 10. Nh4 Be4 11. Be2 h6 12. Nxe4 Nxe4 13. Bd3 0-0 14. Qc2 Nf6 15. 0-0 b5 16. a3 a5 17. b4 Ne8 18. Rfe1 Bxg3 19. hxg3 Nd6 20. Qe2 Qf6 21. Nf3 Nc4 22. Nd2 a4 23. Nxc4 dxc4 24. Be4 Ne7 25. Qf3 Rfd8 26. Re3 Qxf3 27. Bxf3 Nd5 28. Bxd5 Rxd5 29. Rae1 Rbd8 30. f3 1/2-1/2

[Event "Belgrade Trophy 33rd"]
[Site "Belgrade"]
[Date "2019.11.27"]
[Round "4"]
[White "Borsuk, Konstantin"]
[Black "Schelle, Artur"]
[Result "1-0"]
[WhiteElo "2416"]
[BlackElo "2208"]
[PlyCount "55"]
[EventDate "2019.11.24"]
[EventType "swiss"]
[EventRounds "9"]
[EventCountry "SRB"]
[SourceTitle "CBM 193 Extra"]
[Source "ChessBase"]
[SourceDate "2020.01.31"]
[SourceVersion "1"]
[SourceVersionDate "2020.01.31"]
[SourceQuality "1"]

1. d4 f5 2. g3 Nf6 3. Bg2 g6 4. Nf3 Bg7 5. 0-0 0-0 6. b4 Nc6 7. a3 d5 8. Nbd2 Ne4 9. Bb2 Be6 10. e3 a5 11. b5 Na7 12. c4 Nxd2 13. Nxd2 dxc4 14. a4 c6 15. bxc6 Nxc6 16. Qe2 Rc8 17. Rfc1 Nb4 18. Nxc4 Bd5 19. Bxd5+ Nxd5 20. Ba3 Qd7 21. Nxa5 Qxa4 22. Rxc8 Rxc8 23. Nxb7 Nc3 24. Qf1 Ne4 25. Nc5 Qc6 26. Nxe4 Qxe4 27. Rc1 Rc2 28. Rxc2 1-0

[Event "Landesliga Sued 1920"]
[Site "Bayern"]
[Date "2019.11.10"]
[Round "2.4"]
[White "Schmidt, Gerhard"]
[Black "Schelle, Artur"]
[Result "1/2-1/2"]
[WhiteElo "2036"]
[BlackElo "2121"]
[PlyCount "27"]
[EventDate "2019.09.29"]
[EventType "team-tourn"]
[EventRounds "9"]
[EventCountry "GER"]
[SourceTitle "EXT 2021"]
[Source "ChessBase"]
[SourceDate "2020.10.23"]
[SourceVersion "1"]
[SourceVersionDate "2020.10.23"]
[SourceQuality "1"]
[WhiteTeam "Unterhaching"]
[BlackTeam "Muenchen Tarrasch"]
[WhiteTeamCountry "GER"]
[BlackTeamCountry "GER"]

1. Nf3 g6 2. d4 Bg7 3. c4 d6 4. Nc3 Nf6 5. e3 0-0 6. Be2 c6 7. 0-0 a6 8. b4 a5 9. b5 c5 10. Bb2 Nfd7 11. h3 Qc7 12. d5 Nb6 13. Bd3 e5 14. a4 1/2-1/2

[Event "Arber op 8th"]
[Site "Bodenmais"]
[Date "2019.08.04"]
[Round "9"]
[White "Peglau, Charis"]
[Black "Schelle, Artur"]
[Result "0-1"]
[WhiteElo "1540"]
[BlackElo "2176"]
[PlyCount "54"]
[EventDate "2019.07.27"]
[EventType "swiss"]
[EventRounds "9"]
[EventCountry "GER"]
[SourceTitle "CBM 191 Extra"]
[Source "ChessBase"]
[SourceDate "2019.09.30"]
[SourceVersion "1"]
[SourceVersionDate "2019.09.30"]
[SourceQuality "1"]

1. c4 f5 2. Nc3 Nf6 3. d4 d6 4. Bf4 g6 5. e3 Bg7 6. Nf3 0-0 7. Be2 Nc6 8. 0-0 Ne4 9. Nxe4 fxe4 10. Nd2 Nxd4 11. exd4 Rxf4 12. g3 Rf8 13. Nxe4 Bf5 14. Nc3 c6 15. Qd2 Qa5 16. Rad1 Rae8 17. Rfe1 Bc8 18. Bf1 Qh5 19. Bg2 Bg4 20. Ne2 Bh6 21. Qd3 e5 22. d5 c5 23. Ra1 Bf3 24. Nc3 Bxg2 25. Kxg2 Rxf2+ 26. Kxf2 Qxh2+ 27. Kf3 Rf8+ 0-1

[Event "Landesliga Sued 1819"]
[Site "Bayern"]
[Date "2019.01.20"]
[Round "5.4"]
[White "Schelle, Artur"]
[Black "Kempter, Ronald"]
[Result "0-1"]
[WhiteElo "2144"]
[BlackElo "2157"]
[PlyCount "70"]
[EventDate "2018.10.21"]
[EventType "team-tourn"]
[EventRounds "9"]
[EventCountry "GER"]
[SourceTitle "EXT 2022"]
[Source "ChessBase"]
[SourceDate "2021.10.06"]
[SourceVersion "1"]
[SourceVersionDate "2021.10.06"]
[SourceQuality "1"]
[WhiteTeam "Muenchen Tarrasch"]
[BlackTeam "Groebenzell"]
[WhiteTeamCountry "GER"]
[BlackTeamCountry "GER"]

1. g3 Nf6 2. Bg2 c5 3. e4 Nc6 4. Nc3 d6 5. d3 g6 6. Nh3 Bg7 7. 0-0 Nd4 8. Rb1 Rb8 9. Nd5 Nxd5 10. exd5 Bd7 11. c3 Nf5 12. Re1 h5 13. Ng5 b5 14. Bf4 b4 15. Ne4 0-0 16. cxb4 Rxb4 17. Qd2 Qb6 18. b3 a5 19. Rbc1 a4 20. bxa4 Bxa4 21. Nc3 Ra8 22. Be4 Nd4 23. Bh6 Bf6 24. Bg5 Kg7 25. Bxf6+ exf6 26. Bg2 Ra7 27. Ne4 f5 28. Nc3 Rb2 29. Qg5 Qa6 30. Re7 Rxe7 31. Qxe7 Bc2 32. Bf1 Bxd3 33. Bxd3 Qxd3 34. Qxd6 Nf3+ 35. Kh1 Rxf2 0-1

[Event "Caldaro op 3rd"]
[Site "Caldaro"]
[Date "2018.11.01"]
[Round "1"]
[White "Diller, Peter"]
[Black "Schelle, Artur"]
[Result "0-1"]
[WhiteElo "1991"]
[BlackElo "2248"]
[PlyCount "102"]
[EventDate "2018.11.01"]
[EventType "swiss"]
[EventRounds "6"]
[EventCountry "ITA"]
[SourceTitle "EXT 2021"]
[Source "ChessBase"]
[SourceDate "2020.10.23"]
[SourceVersion "1"]
[SourceVersionDate "2020.10.23"]
[SourceQuality "1"]

1. e4 g6 2. f4 Bg7 3. Nf3 d6 4. d4 Nf6 5. Bd3 0-0 6. 0-0 Nc6 7. c3 e5 8. fxe5 dxe5 9. d5 Nb8 10. Nxe5 Qe7 11. Nf3 Nxe4 12. Qe2 Qc5+ 13. Kh1 Nd6 14. c4 Re8 15. Qc2 Bf5 16. Nbd2 Bxd3 17. Qxd3 Nd7 18. Rb1 a5 19. a3 a4 20. b4 axb3 21. Rxb3 h6 22. Rb4 Qe3 23. Qxe3 Rxe3 24. Nb3 Rc3 25. Nfd2 b6 26. Re1 Rc2 27. Nb1 Rxc4 28. Rxc4 Nxc4 29. Re7 Rd8 30. Bf4 Kf8 31. Re1 Nde5 32. Rd1 g5 33. Bg3 f5 34. Kg1 Kf7 35. Bxe5 Bxe5 36. Kf2 Kf6 37. Rd3 c6 38. Rh3 cxd5 39. Rxh6+ Kg7 40. Rc6 Rd6 41. Rc8 Rd7 42. Ra8 Kf6 43. N1d2 Nxd2 44. Nxd2 Bd4+ 45. Ke2 Re7+ 46. Kd3 Bc5 47. Rf8+ Kg6 48. Rg8+ Kh5 49. Nf3 Re3+ 50. Kd2 Rxa3 51. Nxg5 Be3+ 0-1

[Event "Bayern-ch 89th"]
[Site "Bad Kissingen"]
[Date "2018.08.30"]
[Round "7"]
[White "Schelle, Artur"]
[Black "Boehme, Markus"]
[Result "1/2-1/2"]
[WhiteElo "2187"]
[BlackElo "2096"]
[PlyCount "28"]
[EventDate "2018.08.26"]
[EventType "swiss"]
[EventRounds "9"]
[EventCountry "GER"]
[SourceTitle "CBM 189 Extra"]
[Source "ChessBase"]
[SourceDate "2019.06.03"]
[SourceVersion "1"]
[SourceVersionDate "2019.06.03"]
[SourceQuality "1"]

1. g3 c5 2. Bg2 Nc6 3. d3 g6 4. f4 Bg7 5. Nf3 d6 6. 0-0 e6 7. c3 Nge7 8. e4 0-0 9. Na3 Rb8 10. d4 cxd4 11. cxd4 b5 12. Nc2 b4 13. b3 f5 14. e5 Nd5 1/2-1/2

[Event "Bayern-ch 89th"]
[Site "Bad Kissingen"]
[Date "2018.08.30"]
[Round "6"]
[White "Schmid, Roland1111"]
[Black "Schelle, Artur"]
[Result "1/2-1/2"]
[WhiteElo "2280"]
[BlackElo "2187"]
[PlyCount "75"]
[EventDate "2018.08.26"]
[EventType "swiss"]
[EventRounds "9"]
[EventCountry "GER"]
[SourceTitle "CBM 189 Extra"]
[Source "ChessBase"]
[SourceDate "2019.06.03"]
[SourceVersion "1"]
[SourceVersionDate "2019.06.03"]
[SourceQuality "1"]

1. d4 g6 2. Nf3 Bg7 3. e4 d6 4. Bc4 e6 5. Bb3 a6 6. c3 Ne7 7. 0-0 h6 8. Re1 Nd7 9. Nbd2 b6 10. Nf1 Bb7 11. h3 b5 12. a4 Nb6 13. a5 Nd7 14. Bf4 d5 15. exd5 Nxd5 16. Bxd5 Bxd5 17. Ne3 Nf6 18. Nxd5 Nxd5 19. Be5 0-0 20. Qd2 Qd7 21. Bxg7 Kxg7 22. Ne5 Qd6 23. Nd3 Nf6 24. Nc5 Nd7 25. Nxd7 Qxd7 26. Re5 Rfd8 27. b4 c6 28. Rae1 Qe7 29. R1e3 Rd5 30. Qc2 Rad8 31. f4 Qf6 32. Rf3 h5 33. Qf2 h4 34. Rfe3 Rh8 35. Qf3 Rhd8 36. Qg4 Rh8 37. Qf3 Rhd8 38. Qg4 1/2-1/2

[Event "Bayern-ch 89th"]
[Site "Bad Kissingen"]
[Date "2018.08.28"]
[Round "4"]
[White "Schelle, Artur"]
[Black "Stadler, Alexander"]
[Result "1-0"]
[WhiteElo "2187"]
[BlackElo "2124"]
[PlyCount "73"]
[EventDate "2018.08.26"]
[EventType "swiss"]
[EventRounds "9"]
[EventCountry "GER"]
[SourceTitle "CBM 189 Extra"]
[Source "ChessBase"]
[SourceDate "2019.06.03"]
[SourceVersion "1"]
[SourceVersionDate "2019.06.03"]
[SourceQuality "1"]

1. g3 d5 2. Bg2 Nf6 3. d3 e5 4. Nf3 Nc6 5. 0-0 Bf5 6. a3 Bd6 7. Bg5 h6 8. Bxf6 Qxf6 9. Nc3 Ne7 10. Nd2 c6 11. e4 Be6 12. exd5 cxd5 13. Nde4 dxe4 14. Nxe4 Qg6 15. Nxd6+ Kf8 16. Nxb7 Bd5 17. Bxd5 Nxd5 18. Qf3 Qc6 19. Na5 Qe6 20. c4 Nb6 21. Rfe1 f5 22. Qc6 Re8 23. c5 Nd7 24. Rac1 Kf7 25. Qf3 Kg6 26. Qc6 Kf6 27. d4 Qxc6 28. Nxc6 exd4 29. Rxe8 Rxe8 30. Nxd4 Re4 31. Nb5 a6 32. Na7 Ke7 33. c6 Nb6 34. c7 Re2 35. c8Q Nxc8 36. Nxc8+ Kd8 37. b4 1-0

[Event "Arber op 7th"]
[Site "Bodenmais"]
[Date "2018.08.04"]
[Round "8"]
[White "Sergeev, Vladimir"]
[Black "Schelle, Artur"]
[Result "1/2-1/2"]
[WhiteElo "2410"]
[BlackElo "2206"]
[PlyCount "144"]
[EventDate "2018.07.28"]
[EventType "swiss"]
[EventRounds "9"]
[EventCountry "GER"]
[SourceTitle "EXT 2019"]
[Source "ChessBase"]
[SourceDate "2018.10.10"]
[SourceVersion "1"]
[SourceVersionDate "2018.10.10"]
[SourceQuality "1"]

1. c4 g6 2. d4 Bg7 3. Nc3 d6 4. e4 Nf6 5. Nf3 0-0 6. Be2 e5 7. d5 Na6 8. Bg5 h6 9. Bh4 g5 10. Bg3 Nh5 11. Nd2 Nf4 12. 0-0 Nxe2+ 13. Qxe2 f5 14. exf5 Bxf5 15. Nde4 b6 16. f3 Nb8 17. b4 a5 18. a3 Nd7 19. Bf2 Nf6 20. Rac1 Qd7 21. Nxf6+ Rxf6 22. c5 axb4 23. c6 Qe8 24. axb4 Qg6 25. Ne4 Rf7 26. g4 Bxe4 27. fxe4 Rf4 28. Rfe1 Raf8 29. Bg3 Qe8 30. Kg2 Qc8 31. h3 Qe8 32. Ra1 Qf7 33. Ra3 Qg6 34. Ra7 R8f7 35. Ra8+ Rf8 36. Rxf8+ Rxf8 37. Ra1 Bf6 38. Kf1 Bd8+ 39. Ke1 Kh7 40. Ra8 Qf6 41. Rb8 Qf7 42. Kd2 Kg8 43. Kc3 Kg7 44. Kc4 Bf6 45. Rxf8 Qxf8 46. Qf1 Qa8 47. Kb3 Be7 48. Bh2 Qb8 49. Bg1 b5 50. Be3 Bf6 51. Bd2 Qb6 52. Qd3 Qa6 53. Kb2 Qb6 54. Bc3 Qa6 55. Qf1 Qa4 56. Bd2 Qa6 57. h4 Qb6 58. Qf3 Qd4+ 59. Bc3 Qg1 60. h5 Qh2+ 61. Kb3 Qf4 62. Qe2 Be7 63. Bd2 Qg3+ 64. Kb2 Qg1 65. Be3 Qh1 66. Ba7 Bf6 67. Ka2 Qc1 68. Be3 Qc3 69. Bd2 Qc2+ 70. Ka3 Be7 71. Qe3 Bd8 72. Bc1 Bf6 1/2-1/2

[Event "Wunsiedel op 12th"]
[Site "Wunsiedel"]
[Date "2018.05.20"]
[Round "6"]
[White "Schelle, Artur"]
[Black "Hoeller, Armin"]
[Result "1-0"]
[WhiteElo "2210"]
[BlackElo "1991"]
[PlyCount "84"]
[EventDate "2018.05.17"]
[EventType "swiss"]
[EventRounds "9"]
[EventCountry "GER"]
[SourceTitle "CBM 184 Extra"]
[Source "ChessBase"]
[SourceDate "2018.06.28"]
[SourceVersion "1"]
[SourceVersionDate "2018.06.28"]
[SourceQuality "1"]

1. e4 e5 2. Nf3 Nc6 3. Bc4 Nf6 4. d3 Be7 5. 0-0 d6 6. a4 Be6 7. Re1 Bxc4 8. dxc4 0-0 9. Nbd2 Nd7 10. Nf1 f5 11. exf5 Rxf5 12. Ng3 Rf7 13. a5 Nc5 14. Be3 Ne6 15. a6 Qc8 16. axb7 Qxb7 17. Qd5 Ned8 18. Ne4 h6 19. Reb1 Nb4 20. Qxb7 Nxb7 21. c3 Nd3 22. Ra6 Nd8 23. b4 Ne6 24. Rba1 Raf8 25. Rxa7 Ndf4 26. Ra8 Bd8 27. Nfd2 d5 28. Bxf4 Nxf4 29. cxd5 Nxd5 30. f3 c6 31. h3 Bb6+ 32. Kh2 Be3 33. Rxf8+ Kxf8 34. Nc4 Rd7 35. g3 Re7 36. Kg2 Kf7 37. Kf1 Ke6 38. Ke2 Bb6 39. Nxb6 Nxb6 40. Ra6 Nd5 41. Rxc6+ Kf7 42. Rd6 Nc7 1-0

[Event "Donau op 26th"]
[Site "Aschach"]
[Date "2017.12.31"]
[Round "7"]
[White "Schelle, Artur"]
[Black "Horvath, Jozsef"]
[Result "1/2-1/2"]
[WhiteElo "2219"]
[BlackElo "2522"]
[PlyCount "57"]
[EventDate "2017.12.26"]
[EventType "swiss"]
[EventRounds "7"]
[EventCountry "AUT"]
[SourceTitle "CBM 182 Extra"]
[Source "ChessBase"]
[SourceDate "2018.02.23"]
[SourceVersion "1"]
[SourceVersionDate "2018.02.23"]
[SourceQuality "1"]

1. g3 e5 2. Bg2 d5 3. d3 Nf6 4. Nf3 Bd6 5. 0-0 0-0 6. Nc3 c6 7. e4 dxe4 8. dxe4 Bg4 9. h3 Bh5 10. Qe2 Nbd7 11. Rd1 Qc7 12. g4 Bg6 13. Nh4 Rfd8 14. Nf5 Nc5 15. h4 Bf8 16. Bg5 Rxd1+ 17. Rxd1 Ne8 18. h5 Ne6 19. Be3 Bxf5 20. exf5 Nd4 21. Bxd4 exd4 22. Ne4 Rd8 23. g5 Qf4 24. Qf3 Qxf3 25. Bxf3 Be7 26. g6 h6 27. Be2 Kf8 28. Bc4 f6 29. a4 1/2-1/2

[Event "Donau op 26th"]
[Site "Aschach"]
[Date "2017.12.27"]
[Round "3"]
[White "Drnovsek, Gal"]
[Black "Schelle, Artur"]
[Result "1-0"]
[WhiteElo "2404"]
[BlackElo "2219"]
[PlyCount "83"]
[EventDate "2017.12.26"]
[EventType "swiss"]
[EventRounds "7"]
[EventCountry "AUT"]
[SourceTitle "CBM 182 Extra"]
[Source "ChessBase"]
[SourceDate "2018.02.23"]
[SourceVersion "1"]
[SourceVersionDate "2018.02.23"]
[SourceQuality "1"]

1. d4 g6 2. Nf3 Bg7 3. e4 d6 4. Nc3 Nf6 5. Be2 0-0 6. 0-0 c6 7. a4 Qc7 8. h3 Nbd7 9. Be3 Re8 10. a5 e5 11. d5 cxd5 12. exd5 a6 13. Nd2 b5 14. axb6 Nxb6 15. Bxb6 Qxb6 16. Nc4 Qc7 17. Qd2 e4 18. Qf4 Rd8 19. Rfd1 Rb8 20. Ra4 Qc5 21. Ra5 Qc7 22. Ra4 Qc5 23. Rd2 Rb4 24. Rxb4 Qxb4 25. Nxe4 Nxe4 26. Qxe4 Bf5 27. Qe7 Qb8 28. Bf1 Rd7 29. Qe3 h5 30. b3 Bf6 31. Qf3 Bg5 32. Re2 h4 33. Ne3 Bxe3 34. fxe3 Re7 35. e4 Bd7 36. Qf6 Re5 37. Qxh4 Qb4 38. Qf6 a5 39. Kh2 a4 40. bxa4 Bxa4 41. Rf2 Be8 42. Bd3 1-0

[Event "Landesliga Sued 1718"]
[Site "Bayern"]
[Date "2017.12.10"]
[Round "4.3"]
[White "Schelle, Artur"]
[Black "Bensch, Patrick"]
[Result "1-0"]
[WhiteElo "2215"]
[BlackElo "2213"]
[PlyCount "131"]
[EventDate "2017.10.22"]
[EventType "team-tourn"]
[EventRounds "9"]
[EventCountry "GER"]
[SourceTitle "EXT 2022"]
[Source "ChessBase"]
[SourceDate "2021.10.06"]
[SourceVersion "1"]
[SourceVersionDate "2021.10.06"]
[SourceQuality "1"]
[WhiteTeam "Muenchen Tarrasch"]
[BlackTeam "Rottal Inn"]
[WhiteTeamCountry "GER"]
[BlackTeamCountry "GER"]

1. e4 c5 2. Nc3 Nc6 3. f4 g6 4. Nf3 Bg7 5. Bb5 Nd4 6. 0-0 a6 7. Bd3 b5 8. e5 Bb7 9. Be4 d5 10. exd6 Bxe4 11. Nxe4 exd6 12. c3 Ne6 13. Nfg5 Ne7 14. Qf3 0-0 15. Nxe6 fxe6 16. Qh3 Qd7 17. Ng5 h6 18. Qxe6+ Qxe6 19. Nxe6 Rf6 20. Nxg7 Kxg7 21. d3 Re6 22. Bd2 Re8 23. Rae1 Nd5 24. Rxe6 Rxe6 25. Kf2 c4 26. dxc4 bxc4 27. Kf3 h5 28. g3 Re7 29. Rd1 Rb7 30. Bc1 Rb5 31. Rd4 Rc5 32. Be3 Kf7 33. Rd2 Ra5 34. a3 Ke6 35. Bd4 Rb5 36. h3 Rb7 37. Re2+ Kd7 38. g4 hxg4+ 39. hxg4 Rb8 40. Kg3 Rf8 41. Re4 Rf7 42. Be3 Rf8 43. Bd4 Rf7 44. Bf2 Nf6 45. Rxc4 d5 46. Rb4 Ne4+ 47. Kf3 Kc7 48. Bb6+ Kc8 49. Rd4 Ng5+ 50. Ke3 Re7+ 51. Kf2 Ne6 52. Rb4 g5 53. Be3 d4 54. cxd4 gxf4 55. Bd2 Rd7 56. d5 Rxd5 57. Bxf4 Nxf4 58. Rxf4 Rd2+ 59. Kg3 Rxb2 60. Kh4 Kd7 61. Re4 Kd6 62. g5 Kd5 63. Ra4 Rb6 64. Kh5 Ke5 65. g6 Rb1 66. g7 1-0

[Event "Landesliga Sued 1718"]
[Site "Bayern"]
[Date "2017.10.22"]
[Round "1.3"]
[White "Hahn, Christoph"]
[Black "Schelle, Artur"]
[Result "0-1"]
[WhiteElo "2111"]
[BlackElo "2215"]
[PlyCount "48"]
[EventDate "2017.10.22"]
[EventType "team-tourn"]
[EventRounds "9"]
[EventCountry "GER"]
[SourceTitle "EXT 2022"]
[Source "ChessBase"]
[SourceDate "2021.10.06"]
[SourceVersion "1"]
[SourceVersionDate "2021.10.06"]
[SourceQuality "1"]
[WhiteTeam "Kriegshaber SK"]
[BlackTeam "Muenchen Tarrasch"]
[WhiteTeamCountry "GER"]
[BlackTeamCountry "GER"]

1. b3 d5 2. Bb2 Bf5 3. e3 Nf6 4. f4 e6 5. Nf3 Nbd7 6. g3 c6 7. Bg2 Bd6 8. h3 h6 9. 0-0 Qe7 10. Nc3 Bh7 11. Re1 g5 12. fxg5 hxg5 13. Nxg5 Bxg3 14. Nxh7 Rxh7 15. Rf1 0-0-0 16. Ne2 Bc7 17. c4 Rg8 18. cxd5 Nxd5 19. Rf3 Ne5 20. Bxe5 Bxe5 21. Rc1 Rhg7 22. Rf2 Qh4 23. Kf1 Rxg2 24. Rxg2 Qxh3 0-1

[Event "Bayern-ch"]
[Site "Rosenheim"]
[Date "2017.08.23"]
[Round "6"]
[White "Baeuml, Ulrich"]
[Black "Schelle, Artur"]
[Result "1/2-1/2"]
[WhiteElo "2098"]
[BlackElo "2190"]
[PlyCount "86"]
[EventDate "2017.08.20"]
[EventType "swiss"]
[EventRounds "9"]
[EventCountry "GER"]
[SourceTitle "EXT 2019"]
[Source "ChessBase"]
[SourceDate "2018.10.10"]
[SourceVersion "1"]
[SourceVersionDate "2018.10.10"]
[SourceQuality "1"]

1. Nf3 g6 2. g3 Bg7 3. Bg2 d6 4. c4 f5 5. Nc3 Nf6 6. 0-0 0-0 7. d3 e5 8. Rb1 Nc6 9. b4 h6 10. b5 Ne7 11. c5 Be6 12. cxd6 cxd6 13. Ba3 Rf7 14. Qa4 Ned5 15. Nxd5 Nxd5 16. Bb2 a6 17. b6 Nxb6 18. Qa3 g5 19. Nd2 Rc8 20. Bc3 Nd5 21. Ba5 b6 22. Bxd5 Bxd5 23. Rxb6 Bf8 24. Rb5 axb5 25. Bxd8 Rxd8 26. Qb2 Ra8 27. a3 Be6 28. Qxb5 Rxa3 29. Nc4 Ra2 30. e3 f4 31. exf4 gxf4 32. Qe8 Bd7 33. Qb8 Bh3 34. Nxd6 Bxf1 35. Qb3 Bxd6 36. Qxa2 Bh3 37. Qd5 Bf8 38. Qxe5 Re7 39. Qd5+ Kg7 40. f3 Re1+ 41. Kf2 Rf1+ 42. Ke2 Rh1 43. Qe5+ Kg8 1/2-1/2